000 00334nam a2200157Ia 4500
001 8708
003 GE_BSU
008 181216s||||||||xx |||||||||||||| ||und||
040 _cGE_BSU
245 _aLe point. №2155. 2 janvier 2014
260 _aParis
260 _c2014
300 _a110p.27cm.
653 _aLe point
942 _cCR
999 _c42020
_d42020